000 00542nam a22001937a 4500
005 20260612164853.0
010 _aENG-148831
020 _a9788119355778
_c495.00
035 _aEN-132363
037 _bDBAD
082 _a371
100 _aManjunath, S V
_989376
245 _aThe Unsung Foot Soldiers/
_cS V Manjunath
250 _a1
260 _aBengaluru
_bPrism Books
_c2025
270 _a1865, 32nd Cross, 10th Main BSK II Stage
_bBangaluru
_e560070
300 _a304p.
_c21cm(pb)
942 _2ddc
_cEN
_mMAN
_h371
999 _c216635
_d216635